| 000 | 02154cam a22004694i 4500 | ||
|---|---|---|---|
| 003 | PE-LiUPU | ||
| 005 | 20250731172955.0 | ||
| 008 | 150616s r 000 0 d | ||
| 020 | _a8428403619 | ||
| 035 | _a(Sirsi) i9788428403610 | ||
| 040 |
_aPE-LiUPU _bspa _cPE-LiUPU _erda |
||
| 049 | _aPRUA | ||
| 082 | 0 | 4 |
_a253.7 _bG68 _221 |
| 100 | 1 |
_aGómez Ríos, Manuel, _eautor. |
|
| 245 | 1 | 4 |
_aLos pobres son evangelizados : _bdiálogos con Alfonso / _cManuel Gómez Ríos. |
| 264 | 1 |
_aMadrid : _bPS editorial, _c1985. |
|
| 300 |
_a123 páginas ; _c21 centímetros |
||
| 336 |
_atext _2rdacontent |
||
| 337 |
_aunmediated _2rdamedia |
||
| 338 |
_avolume _2rdacarrier |
||
| 490 | 0 |
_aColección parábola ; _v1 |
|
| 505 | 0 | _aComienza una aventura -- Un cierto olor a podrido -- Teresa, la novia siempre soñada -- Loco por la música -- Caballero andante desarmado -- Las capillas del atardecer -- Los pobres son evangelizados -- La despedida de los tuyos -- Scala -- María Celeste, una mujer maravillosa -- La misión, redención abundante -- Villa Liberi, una comunidad abierta -- El sacramento del encuentro: las visitas -- Deliceto: celebración de la naturaleza -- Poeta -- Obispo a tu pesar -- Santa Agueda -- El rigor no es evangelio -- La aventura del Espíritu -- María, la llena de gracia -- El misterio de la cercanía -- Al final, rechazado -- El despojo, servicio total. | |
| 526 | _aSEG42 | ||
| 526 | _aSEG41 | ||
| 526 | _aSEG40 | ||
| 526 | _aSEG39 | ||
| 526 | _aP94 | ||
| 526 | _aP87 | ||
| 526 | _aP86 | ||
| 526 | _aP85 | ||
| 526 | _aP77 | ||
| 526 | _aP76 | ||
| 526 | _aP35 | ||
| 600 | 1 |
_aAlfonso María de LigorioSanto, _d1696-1787 |
|
| 910 |
_ajck _bjvq _cjck |
||
| 942 |
_2ddc _cBOOK |
||
| 949 |
_a253.7 G68 _wDEWEY _c1 _i30460 _lCCODEBUL1 _mBUL _r0 _sY _tBOOK _u2015-6-16 _xTEOLOGIA _zUNKNOWN _0COMPRA _o.STAFF. Colección General |
||
| 994 |
_aC0 _bPEPRU |
||
| 596 | _a1 | ||
| 999 |
_a253.7 G68 _wDEWEY _c22069 _i30460 _f2021-11-12 _g5 _lCCODEBUL1 _mBUL _r0 _sY _tBOOK _u2015-6-16 _xTEOLOGIA _zUNKNOWN _0COMPRA _o.STAFF. Colección General _d22069 |
||
| 980 |
_81 _gALBERTO SANCHEZ Responsable de Automatización |
||